Карский Евфимий Федорович (Запись № 1458087)

Подробности
000 -МАРКЕР
контрольное поле 01460nam0a2200289 4500
001 - ИДЕНТИФИКАТОР ЗАПИСИ
контрольное поле RU\NLR\bibl\1749936
005 - ИДЕНТИФИКАТОР ВЕРСИИ
контрольное поле 20260407095121.0
010 ## - МЕЖДУНАРОДНЫЙ СТАНДАРТНЫЙ НОМЕР КНИГИ (ISBN)
Номер (ISBN) 978-985-515-281-2
Тираж 100
035 ## - ДРУГИЕ СИСТЕМНЫЕ НОМЕРА
Идентификатор записи (NLR Aleph) 001740800
100 ## - ДАННЫЕ ОБЩЕЙ ОБРАБОТКИ
Данные общей обработки 20110323d2010 |||y0rusy50 ca
101 0# - ЯЗЫК РЕСУРСА
Язык текста, звукозаписи и т.д. русский
102 ## - СТРАНА ПУБЛИКАЦИИ ИЛИ ПРОИЗВОДСТВА
Страна публикации Российская Федерация
105 ## - ПОЛЕ КОДИРОВАННЫХ ДАННЫХ: ТЕКСТОВЫЕ МАТЕРИАЛЫ, МОНОГРАФИЧЕСКИЕ
Кодированные данные о монографическом текстовом документе y |||||||||
200 1# - ЗАГЛАВИЕ И СВЕДЕНИЯ ОБ ОТВЕТСТВЕННОСТИ
Основное заглавие Карский Евфимий Федорович
Сведения, относящиеся к заглавию (к 150-летию со дня рождения)
-- библиографический обзор
Первые сведения об ответственности М-во образования Респ. Беларусь, Учреждение образования "Грод. гос. ун-т им. Янки Купалы"
Последующие сведения об ответственности [авт.-сост.: А.А. Карский]
210 ## - ПУБЛИКАЦИЯ, РАСПРОСТРАНЕНИЕ И ДР.
Место издания, распространения и т.д. Гродно
Имя издателя, распространителя и т. д. ГрГУ
Дата издания, распространения и т.д. 2010
215 ## - ФИЗИЧЕСКАЯ ХАРАКТЕРИСТИКА
Специфическое обозначение материала и объем 122 с.
Размеры 20
600 #1 - ИМЯ ЛИЦА КАК ПРЕДМЕТ
Начальный элемент ввода Карский
Часть имени, кроме начального элемента ввода Е. Ф.
Даты 1860 - 1931
Расширение инициалов личного имени Евфимий Федорович
Формальный подзаголовок Библиография
Системный номер авторитетной/нормативной записи 2533542
Идентификатор авторитетной/нормативной записи RU\NLR\auth\661500535
686 ## - ИНДЕКСЫ ДРУГИХ КЛАССИФИКАЦИЙ
Индекс Ш.г(2)7дКарский
702 #1 - ИМЯ ЛИЦА - ВТОРИЧНАЯ ОТВЕТСТВЕННОСТЬ
Начальный элемент ввода Карский
Часть имени, кроме начального элемента ввода А. А.
Расширение инициалов личного имени Александр Александрович
Код отношения Составитель
702 #1 - ИМЯ ЛИЦА - ВТОРИЧНАЯ ОТВЕТСТВЕННОСТЬ
Код отношения Прочие
Материалы, к которым относится поле rus
Графика поля Кириллица
Начальный элемент ввода Карский
Часть имени, кроме начального элемента ввода Е. Ф.
Даты 1860-1931
Расширение инициалов личного имени Евфимий Федорович
Идентификатор авторитетной/нормативной записи RU\NLR\auth\7750107
Системный номер авторитетной/нормативной записи 33042
712 02 - НАИМЕНОВАНИЕ ОРГАНИЗАЦИИ - ВТОРИЧНАЯ ОТВЕТСТВЕННОСТЬ
Код отношения Прочие
Начальный элемент ввода Гродненский государственный университет им. Я. Купалы
Идентификатор авторитетной/нормативной записи RU\NLR\AUTH\889921827
Системный номер авторитетной/нормативной записи 339729
801 #0 - ИСТОЧНИК ЗАПИСИ
Страна Российская Федерация
Организация NLR
Дата составления 20110323
Правила каталогизации RCR
801 #1 - ИСТОЧНИК ЗАПИСИ
Страна Российская Федерация
Организация NLR
Дата составления 20110323
942 ## - ДОПОЛНИТЕЛЬНЫЕ ЭЛЕМЕНТЫ ЗАПИСИ (АБИС)
Тип экземпляра АБИС Книга
980 ## - КОЛЛЕКЦИЯ
Название коллекции Национальная библиография
Экземпляры
Тип экземпляра Дата поступления Источник поступления Стоимость Библиотека постоянного хранения Библиотека текущего хранения Место хранения Шифр хранения Штрих-код Статус экземпляра
Книга 23.03.2011 Зарубежный дар 100.00 РНБ (Московский) РНБ (Московский) Центральная справочная библиотека С 2011-1/97 1-1673460